Statistics for European Countries with the Most Christians (%)

Click here to take the quiz!

General Stats

  • This quiz has been taken 134 times
  • The average score is 10 of 14

Answer Stats

%Answer% Correct
100.0Vatican City
94%
99.0San Marino
82%
94.3Poland
81%
97.0Greece
79%
98.0Romania
78%
87Ireland
75%
90.1Croatia
74%
97.0Malta
73%
91.0Serbia
73%
89.5Andorra
71%
85.0Bulgaria
66%
86.0Monaco
66%
95.3Moldova
54%
85.3Iceland
52%

Score Distribution

Percentile by Number Answered

Percent of People with Each Score

Your Score History

You have not taken this quiz